000 00490nab a2200145Ia 4500
003 ES-SlBCS
005 20210601133826.0
008 140529s1985 xxu||||| |||| 00| 0 por d
041 _apor
100 1 _aLippmann, Hans L.
_9210219
245 0 0 _aOrganizaçao de Universidades Católicas da América Latina
_c Hans L. Lippmann
650 0 4 _aUniversidades Católicas de América Latina
_9210220
773 0 _tPresença Filosofica
_gvol. 11, nº. 2-3-4, 1985, págs. 72-88
_wRev966
942 _cAR
999 _c602713
_d602713